ბათუმის შოთა რუსთაველის სახელმწიფო უნივერსიტეტის ბიბლიოთეკა

ჩანაწერი Personal Name

ჩანაწერთა რაოდენობა, რომელიც გამოყენებულია: 1

001 - CONTROL NUMBER

  • control field: 11557

003 - CONTROL NUMBER IDENTIFIER

  • control field: GE_BSU

005 - DATE AND TIME OF LATEST TRANSACTION

  • control field: 20210422184128.0

008 - FIXED-LENGTH DATA ELEMENTS

  • fixed length control field: 210422|| aca||aabn | a|a d

040 ## - CATALOGING SOURCE

  • Original cataloging agency: GE_BSU
  • Transcribing agency: GE_BSU

100 ## - HEADING--PERSONAL NAME

  • Personal name: Солдатенков, А.Т.

670 ## - SOURCE DATA FOUND

  • Source citation: Work cat.: (GE_BSU)53774: Солдатенков, А.Т., Пестициды и регуляторы роста :